000 00414nam a2200157 i 4500
001 bg
100 1 _aCOLE, Michael
245 0 _aKultura i myslenije :
_bPsichologiceskij ocenek. Perev. s ang. /
_cMichael Cole, Sylvia Scribner.
260 _aMoskva,
_c1977.
700 1 _aSCRIBNER, Sylvia
040 _cBPK
041 _apol
080 _a159.9:008
942 _cKS
008 s pl f |000 0 pol
999 _c19198
_d19198
856 _uhttp://koha.tu.koszalin.pl/cgi-bin/koha/opac-detail.pl?biblionumber=19198
_yKatalog online BPK